[Event "RN-2013-0-00607"]
[Site "LSS email"]
[Date "2013.02.21"]
[Round "?"]
[White "Skachkov, Vladimir"]
[Black "Feng, Jason"]
[Result "1-0"]
[WhiteElo "800"]
[BlackElo "874"]
[PlyCount "65"]
[EventDate "2013.02.11"]
[EventType "tourn (corr)"]
[EventRounds "6"]
[EventCountry "GER"]
[SourceTitle "Telechess CBM 159"]
[Source "ChessBase"]
[SourceDate "2014.03.17"]
[SourceVersion "1"]
[SourceVersionDate "2014.03.17"]
[SourceQuality "1"]

1. d4 d5 2. c4 Nc6 3. cxd5 Qxd5 4. Nf3 e5 5. Nc3 Bb4 6. Bd2 Bxc3 7. Bxc3 exd4 8. Nxd4 Nxd4 9. Qxd4 Qxd4 10. Bxd4 f6 11. Rc1 c6 12. e4 Be6 13. b3 Ne7 14. Be2 0-0 15. 0-0 Ng6 16. g3 Rfd8 17. Rfd1 a6 18. f4 f5 19. exf5 Bxf5 20. Bc4+ Kh8 21. Bb6 Rxd1+ 22. Rxd1 Re8 23. Bc5 h6 24. Bf7 Rc8 25. Bxg6 Bxg6 26. Rd7 Bb1 27. a4 b5 28. a5 Ba2 29. b4 Kg8 30. Ra7 Bd5 31. Rxa6 Rc7 32. Ra8+ Kf7 33. a6 1-0